Southville International School and Colleges
Your cart is empty.
  • Cart
  • Lists
    Public lists Eva Luna New books Lux_list list_1
    Your lists Log in to create your own lists
  • Log in to your account
  • Your cookies
  • Search history
Southville International School and Colleges
  • Advanced search
  • Recent comments
  • Most popular
  • Libraries

Log in to your account

Log in with GOOGLE


If you do not have an external account, but do have a local account, you can still log in:

  1. Home
  2. MARC view: The story of the lost sheep /
Normal view MARC view ISBD view

The story of the lost sheep / (Record no. 104165)

[ view plain ]
MARC details
000 -LEADER
fixed length control field 00600nam a2200193 a 4500
005 - DATE AND TIME OF LATEST TRANSACTION
control field 20140412111314.0
008 - FIXED-LENGTH DATA ELEMENTS--GENERAL INFORMATION
fixed length control field 010416s19uu xx 00 eng d
020 ## - INTERNATIONAL STANDARD BOOK NUMBER
International Standard Book Number 0-85648-767-8
050 ## - LIBRARY OF CONGRESS CALL NUMBER
Classification number M 226.809
Item number F828 1985
100 ## - MAIN ENTRY--PERSONAL NAME
Personal name Frank, Penny
245 ## - TITLE STATEMENT
Title The story of the lost sheep /
Statement of responsibility, etc story by Penny Frank; illustrated by Tony Morris.
260 ## - PUBLICATION, DISTRIBUTION, ETC. (IMPRINT)
Place of publication, distribution, etc England :
Name of publisher, distributor, etc Lion Publishing Plc,
Date of publication, distribution, etc 1985.
300 ## - PHYSICAL DESCRIPTION
Extent 23p. ; ill.
440 ## - SERIES STATEMENT/ADDED ENTRY--TITLE
Title The Lion Story Bible, 42
650 ## - SUBJECT ADDED ENTRY--TOPICAL TERM
Topical term or geographic name as entry element Lost sheep (Parable) - Juvenile literature
650 ## - SUBJECT ADDED ENTRY--TOPICAL TERM
Topical term or geographic name as entry element Parables
650 ## - SUBJECT ADDED ENTRY--TOPICAL TERM
Topical term or geographic name as entry element Bible stories - N. T.
Holdings
Withdrawn status Lost status Damaged status Use restrictions Home library Current library Shelving location Date acquired Source of acquisition Total Checkouts Full call number Barcode Date last seen Price effective from Koha item type
        Elizalde Library Elizalde Library Main Section 04/16/2001     M 226.809 F828 1985 E6812 04/12/2014 04/12/2014 Books

The story of the lost sheep /

APA

Frank P., . (1985). The story of the lost sheep. England: Lion Publishing Plc.

Chicago

Frank Penny, . 1985. The story of the lost sheep. England: Lion Publishing Plc.

Harvard

Frank P., . (1985). The story of the lost sheep. England: Lion Publishing Plc.

MLA

Frank Penny, . The story of the lost sheep. England: Lion Publishing Plc. 1985.

  • Place hold
  • Print
  • Cite
  • Add to your cart (remove)
  • Save record
    BIBTEX Dublin Core MARCXML MARC (non-Unicode/MARC-8) MARC (Unicode/UTF-8) MARC (Unicode/UTF-8, Standard) MODS (XML) RIS
  • More searches
    Search for this title in:
    Other Libraries (WorldCat) Other Databases (Google Scholar) Online Stores (Bookfinder.com) Open Library (openlibrary.org)

Exporting to Dublin Core...

SOUTHVILLE LIBRARY

Southville International School and Colleges Library

1281 Tropical Ave. Cor. Luxembourg St., BF Homes International, Las Pinas City

Tel. No. 8256374 / 252358 Loc. 117/146

Powered by Koha